000
00272nam a22001217a 4500
003
SGT
082
_a
657.042, BHA
100
_a
BHATTACHARYYA K. ASISH
245
_a
ESSENTIALS OF FINANCIAL ACCOUNTING
250
_a
3RD
260
_a
NEW DELHI
_b
PHI
_c
2013
942
_2
ddc
_c
CD
999
_c
10865
_d
10865